Ankara Üniversitesi Hukuk Fakültesi dergisi (Record no. 200002694)
[ view plain ]
| 000 -LEADER | |
|---|---|
| fixed length control field | 00954 a2200277 4500 |
| 001 - CONTROL NUMBER | |
| control field | 200002694 |
| 003 - CONTROL NUMBER IDENTIFIER | |
| control field | TR-AnTOB |
| 005 - DATE AND TIME OF LATEST TRANSACTION | |
| control field | 20230721101116.0 |
| 008 - FIXED-LENGTH DATA ELEMENTS--GENERAL INFORMATION | |
| fixed length control field | 160506c19439999tu qn0p 0 0 |
| 022 ## - INTERNATIONAL STANDARD SERIAL NUMBER | |
| International Standard Serial Number | 13011308 |
| 041 ## - LANGUAGE CODE | |
| Language code of text/sound track or separate title | Türkçe |
| -- | İngilizce |
| 050 14 - LIBRARY OF CONGRESS CALL NUMBER | |
| Classification number | K1 |
| Item number | .A55 |
| 099 ## - LOCAL FREE-TEXT CALL NUMBER (OCLC) | |
| Classification number | JOURNAL - AÜ HU |
| 245 00 - TITLE STATEMENT | |
| Title | Ankara Üniversitesi Hukuk Fakültesi dergisi |
| 246 03 - VARYING FORM OF TITLE | |
| Title proper/short title | A.Ü. Hukuk Fakültesi dergisi |
| Title proper/short title | Hukuk Fakültesi dergisi |
| 260 ## - PUBLICATION, DISTRIBUTION, ETC. | |
| Place of publication, distribution, etc. | Ankara : |
| Name of publisher, distributor, etc. | Ankara Üniversitesi Basımevi, |
| 300 ## - PHYSICAL DESCRIPTION | |
| Extent | v. ; |
| Dimensions | 24 cm. |
| 500 ## - GENERAL NOTE | |
| General note | Ankara Üniversitesi Hukuk Fakültesi Dergisi’nin 1943′den günümüze kadar yayınlanmış bütün ciltlerine bağlantıdan ulaşabilirsiniz. |
| 650 #0 - SUBJECT ADDED ENTRY--TOPICAL TERM | |
| Topical term or geographic name entry element | Hukuk |
| Geographic subdivision | Türkiye |
| Form subdivision | Süreli yayınlar |
| 9 (RLIN) | 70541 |
| Topical term or geographic name entry element | Law |
| Geographic subdivision | Turkey |
| Form subdivision | Periodicals |
| 9 (RLIN) | 70540 |
| 710 ## - ADDED ENTRY--CORPORATE NAME | |
| Corporate name or jurisdiction name as entry element | Ankara Üniversitesi. |
| Subordinate unit | Hukuk Fakültesi |
| International Standard Serial Number | Tarih |
| 9 (RLIN) | 58493 |
| 856 40 - ELECTRONIC LOCATION AND ACCESS | |
| Uniform Resource Identifier | <a href="http://auhf.ankara.edu.tr/auhfd/auhf-dergisi/">http://auhf.ankara.edu.tr/auhfd/auhf-dergisi/</a> |
| 942 ## - ADDED ENTRY ELEMENTS (KOHA) | |
| Koha item type | Continuing Resource |
No items available.
